Optimización y puesta en marcha de un prototipo inalámbrico de bajo costo que permita modelar el flujo vehicular en un punto específico
Збережено в:
| Автор: | |
|---|---|
| Інші автори: | |
| Формат: | Книга |
| Мова: | Spanish |
| Опубліковано: |
[San José], Costa Rica
2015
|
| Предмети: | |
| Теги: |
Додати тег
Немає тегів, Будьте першим, хто поставить тег для цього запису!
|
MARC
| LEADER | 00000nam a22000007a 4500 | ||
|---|---|---|---|
| 003 | 012170 | ||
| 005 | 20230823144317.0 | ||
| 008 | 150714b2015 cr a|||| |||| 00| ||spa d | ||
| 040 | |c cru CEDI | ||
| 090 | |a TFG 7335 | ||
| 100 | |9 849 |a Rodríguez Hidalgo, Carolina | ||
| 245 | |a Optimización y puesta en marcha de un prototipo inalámbrico de bajo costo que permita modelar el flujo vehicular en un punto específico | ||
| 260 | |a [San José], Costa Rica |c 2015 | ||
| 300 | |a 59 páginas : ilustraciones (algunas a color). | ||
| 500 | |a Proyecto de graduación (bachillerato en ingeniería eléctrica)--Universidad de Costa Rica. Facultad de Ingeniería. Escuela de Ingeniería Eléctrica | ||
| 501 | |a Profesor Guía de IE-0499 Proyecto Eléctrico: Ph.D. Jaime Cascante Vindas | ||
| 650 | |x SISTEMAS DE TRANSMISION DE DATOS |x SISTEMAS DE RADIOCOMUNICACION |x SISTEMAS MOVILES DE COMUNICACION |x FLUJO DE TRAFICO - MEDICIONES |x SENSORES REMOTOS |x ENERGIA SOLAR - APLICACIONES INDUSTRIALES |x CELULAS FOTOVOLTAICAS |9 850 | ||
| 700 | |9 732 |a Cascante Vindas, Jaime, 1978- |d Director de Proyecto Eléctrico | ||
| 942 | |c CEDI | ||
| 999 | |c 13875 |d 13875 | ||
